| 000 | 01379nam a2200265Ia 4500 | ||
|---|---|---|---|
| 999 |
_c5049 _d5049 |
||
| 003 | OSt | ||
| 005 | 20200507124508.0 | ||
| 008 | 191128s2004 ck gr 000 0dspa d | ||
| 020 | _a9589739474 | ||
| 082 | 0 | 4 |
_a307 .12 / _bB395d |
| 100 | 1 |
_aBecker, Alejandro, _ecompilador _92186 |
|
| 245 | 1 | 0 |
_aDesarrollo de las regiones y autonomía territorial / _ccompiladores Alejandro Becker, Sandra Castro, Miguel Eduardo Cárdenas |
| 250 | _aPrimera edición | ||
| 260 |
_aBogotá : _bFriedrich Ebert Stiftung en Colombia, _c2004 |
||
| 300 |
_a179 páginas : _bgráficos ; _c23 cm. |
||
| 504 | _aIncluye bibliografía. | ||
| 505 | _aAutonomía territorial : un desafía conceptual -- Transferencias y equidad: hacia la descentralización espacial -- Transferencias y desarrollo : un portafolio para el progreso de las regiones -- Crisis fiscal del centro | ||
| 520 | _aEl desarrollo regional y local, que en principio no fue considerado expresamente como un objetivo de la reforma descentralizadora en Colombia, se convierte en una de las prioridades para la política de ordenamiento territorial. | ||
| 650 | 1 | 4 |
_aAutonomía administrativa _92194 |
| 650 | 2 | 4 |
_aAutonomía fiscal _94102 |
| 650 | 2 | 4 |
_aPlanificación regional Regionalización _94103 |
| 700 | 1 |
_aCastro, Sandra, _ecompilador _94104 |
|
| 700 | 1 |
_aCárdenas, Miguel Eduardo, _ecompilador _92189 |
|
| 942 |
_2ddc _cBK |
||